Systémy reportovania dosiahnutej úrovne udržateľného rozvoja podniku diplomová práca

Gespeichert in:
Bibliographische Detailangaben
1. Verfasser: Méhesová, Diana
Körperschaft: Fakulta podnikového manažmentu EU. Katedra podnikovohospodárska
Weitere Verfasser: Dubcová, Gabriela, 1968-
Format: Buch
Sprache:Slowakisch
Veröffentlicht: Bratislava 2023
Tags: Tag hinzufügen
Keine Tags, Fügen Sie das erste Tag hinzu!

MARC

LEADER 00000nbm a2200000 4500
001 0293502
005 20240509135330.1
041 0 |a slo 
044 |a SK 
245 1 0 |a Systémy reportovania dosiahnutej úrovne udržateľného rozvoja podniku  |b diplomová práca  |c Diana Méhesová ; školiteľ: Gabriela Dubcová 
264 1 |a Bratislava  |c 2023 
300 |a 81 s. 
100 1 |a Méhesová, Diana 
700 1 |a Dubcová, Gabriela, 1968- 
710 2 |a Fakulta podnikového manažmentu EU. Katedra podnikovohospodárska